00423nam a22001577a 4500003000500000005001700005008004100022020001800063040000600081082001800087100003200105245003900137260003600176300001400212650003900226CEME20210628205139.0210226b xxu||||| |||| 00| 0 eng d a0-8311-1152-6 c. a629.892 TVE'R aTver, David F Bolz, Roger W aRobotics sourcebook and dictionary aNEWYORKbINDUSTRIAL PRESSc1983 aVII, 258P aROBOTICS SOURCEBOOK AND DICTIONARY